Együttműködésről tárgyalt az izraeli nagykövet

Elmentve itt :
Bibliográfiai részletek
Dokumentumtípus: Cikk
Megjelent: 2012-08-18
Sorozat:Délmagyarország
Kulcsszavak:Külföldi vendég, Ilan Mor izraeli nagykövet
Online Access:http://univ.bibl.u-szeged.hu/41429
LEADER 00482nab a2200157 i 4500
001 univ41429
005 20171214104055.0
008 171214s2012 hu o 0|| zxx d
040 |a SZTE UnivHistória Repozitórium  |b hun 
041 |a zxx 
245 0 0 |a Együttműködésről tárgyalt az izraeli nagykövet  |h [elektronikus dokumentum] 
260 |c 2012-08-18 
300 |a 5 
490 0 |a Délmagyarország 
561 |a Egyetemi hirarchívum 
695 |a Külföldi vendég, Ilan Mor izraeli nagykövet